Statistiques concernant Focus sur: Bungon Sacquet - Tolkien

Cliquez ici pour prendre le quiz!

Statistiques générales

  • Ce quiz a été pris 4 fois
  • Le résultat moyen est 9 sur 18

Statistiques - réponses

Informations recherchéesRéponses% Correct
FilsBilbon Sacquet
100%
Couleur des cheveuxBrun
100%
ContréeComté
100%
DemeureCul-de-Sac
100%
EspèceHobbit
100%
Première mentionLe Hobbit
100%
Age durant lequel il vécutTroisième
100%
Autres traductions du nomBessac
50%
Autre traduction du prénomBungo
50%
VilleHobbiteville
50%
Baggins
25%
EpouseBelladonna Touque
25%
Bingon Sacquet
25%
SœursBelba Sacquet
0%
MèreLaura Fouille
0%
Linda Sacquet
0%
FrèresLongon Sacquet
0%
PèreMungon Sacquet
0%

Distribution des résultats

Percentile par nombre de réponses

% des personnes avec chaque résultat

Votre développement - résultats

Vous n’avez pas pris ce quiz